Statistics for Top 100 Points Per Game NBA 2016-17

Click here to take the quiz!

General Stats

  • This quiz has been taken 134 times
  • The average score is 69 of 100

Answer Stats

Rank Player Team PTS % Correct
1Russell WestbrookOKC31.6
100%
2James HardenHOU29.1
100%
86Seth CurryDAL12.8
99%
4Anthony DavisNOP28.0
99%
10Stephen CurryGSW25.3
99%
24Klay ThompsonGSW22.3
98%
5DeMar DeRozanTOR27.3
98%
8LeBron JamesCLE26.4
98%
13Kevin DurantGSW25.1
97%
17Kemba WalkerCHA23.2
97%
3Isaiah ThomasBOS28.9
97%
11Kyrie IrvingCLE25.2
97%
18John WallWAS23.1
96%
23Kyle LowryTOR22.4
96%
27Blake GriffinLAC21.6
96%
21Giannis AntetokounmpoMIL22.9
96%
6Damian LillardPOR27.0
95%
15Paul GeorgeIND23.7
95%
22Carmelo AnthonyNYK22.4
95%
38Chris PaulLAC18.1
93%
34Kevin LoveCLE19.0
93%
25Devin BookerPHO22.1
92%
12Karl-Anthony TownsMIN25.1
92%
9Kawhi LeonardSAS25.5
92%
14Jimmy ButlerCHI23.9
92%
19Bradley BealWAS23.1
92%
32Marc GasolMEM19.5
90%
92Pau GasolSAS12.4
90%
16Andrew WigginsMIN23.6
89%
7DeMarcus CousinsNOP27.0
89%
20CJ McCollumPOR23.0
89%
35Dwyane WadeCHI18.3
88%
46Nikola JokicDEN16.7
86%
39Paul MillsapATL18.1
86%
26Gordon HaywardUTA21.9
86%
30Mike ConleyMEM20.5
85%
37Kristaps PorzingisNYK18.1
82%
31Goran DragicMIA20.3
81%
29Brook LopezBRK20.5
81%
89DeAndre JordanLAC12.7
79%
75Dwight HowardATL13.5
77%
99Steven AdamsOKC11.3
74%
28Eric BledsoePHO21.1
74%
73Andre DrummondDET13.6
73%
51D'Angelo RussellLAL15.6
73%
100Marvin WilliamsCHA11.2
71%
64Rudy GobertUTA14.0
71%
42Lou WilliamsHOU17.5
71%
65Al HorfordBOS14.0
71%
40Derrick RoseNYK18.0
69%
88Aaron GordonORL12.7
69%
47Eric GordonHOU162
69%
43LaMarcus AldridgeSAS17.3
69%
49Victor OladipoOKC15.9
69%
71Tyler JohnsonMIA13.7
67%
52Jrue HolidayNOP15.4
67%
85James JohnsonMIA12.8
67%
45Hassan WhitesideMIA17.0
66%
48Tobias HarrisDET16.1
66%
91Clint CapelaHOU12.6
62%
56Serge IbakaTOR14.8
62%
55JJ RedickLAC15.0
60%
59Myles TurnerIND14.5
59%
53Jeff TeagueIND15.3
59%
58Nikola VucevicORL14.6
59%
41Dennis SchroderATL17.9
59%
33Harrison BarnesDAL19.2
58%
80Julius RandleLAL13.2
57%
95Jonas ValanciunasTOR12.0
55%
36Danilo GallinariDEN18.2
53%
44Evan FournierORL17.2
53%
54Nicolas BatumCHA15.1
53%
79Nick YoungLAL13.2
52%
93Jamal CrawfordLAC12.3
51%
77Otto Porter Jr.WAS13.4
49%
97Trevor ArizaHOU11.7
49%
50Wilson ChandlerDEN15.7
47%
68Jae CrowderBOS13.9
47%
66Marcus MorrisDET14.0
45%
60Tim Hardaway Jr.ATL14.5
45%
63Zach RandolphMEM14.1
45%
67Markieff MorrisWAS14.0
45%
74Ryan AndersonHOU13.6
45%
62Enes KanterOKC14.3
44%
83Robert CovingtonPHI12.9
41%
84Dario SaricPHI12.8
40%
57Jordan ClarksonLAL14.7
38%
87Elfrid PaytonORL12.8
38%
69Kentavious Caldwell-PopeDET13.8
38%
61TJ WarrenPHO14.4
36%
76Wesley MatthewsDAL13.5
36%
70Bojan BogdanovicWAS13.7
35%
72Will BartonDEN13.7
34%
94Austin RiversLAC12.0
33%
90Rodney HoodUTA12.7
32%
96Greg MonroeMIL11.7
32%
78Darren CollisonSAC13.2
29%
98Frank KaminskyCHA11.7
25%
81Sean KilpatrickBRK13.1
19%
82Ersan IlyasovaATL13.1
16%

Score Distribution

Percentile by Number Answered

Percent of People with Each Score

Your Score History

You have not taken this quiz